Vzory testov na prijímacie skúšky z anglického jazyka

Enregistré dans:
Détails bibliographiques
Auteur principal: Laskovičová, Tatiana
Autres auteurs: Viktoryová, Eva
Format: Livre
Langue:anglais
slovaque
Publié: Bratislava Vydavateľstvo EKONÓM 2003
Sujets:
Tags: Ajouter un tag
Pas de tags, Soyez le premier à ajouter un tag!

MARC

LEADER 00000nam a2200000 4500
001 c142756
005 20221208112427.4
020 |a 80-225-1679-1 
041 0 |a eng 
041 0 |a slo 
044 |a SK 
245 1 0 |a Vzory testov na prijímacie skúšky z anglického jazyka  |c [zostavili: Tatiana Laskovičová, Eva Viktoryová] 
264 1 |a Bratislava  |b Vydavateľstvo EKONÓM  |c 2003 
300 |a 72 s. 
610 2 0 |a testy 
610 2 0 |a skúšky prijímacie 
610 2 0 |a jazyky cudzie 
610 2 0 |a vzdelanie vysokoškolské 
610 2 0 |a univerzity 
610 2 0 |a školy vysoké 
100 1 |a Laskovičová, Tatiana 
700 1 |a Viktoryová, Eva